| 000 | 01506cam a2200373 i 4500 | ||
|---|---|---|---|
| 001 | 59913 | ||
| 003 | Mx-PuUPA | ||
| 005 | 20250515112758.0 | ||
| 008 | 140415s1998 sp gr 001 0 spa d | ||
| 017 | _aBI-2840-1998 | ||
| 020 | _a8427122144 | ||
| 040 |
_aMx-PuUPA _bspa _cMx-PuUPA _dMx-PuUPA _erda |
||
| 041 | 1 |
_aspa _heng |
|
| 100 | 1 |
_aFarland, Dale S., _eautor _917021 |
|
| 240 | 1 | 0 |
_aHandbook for developing a teacher performance evaluation manual : a metamanual. _lEspañol |
| 245 | 1 | 0 |
_aGuía para la elaboración de un manual de evaluación del profesorado : _bun metamanual / _cDale S. Farland ; Arlen R. Gullickson ; traducción de Jon Asensi Jordán |
| 264 | 1 |
_aBilbao, EspañaRe : _bEdiciones Mensajero, _c©1998 |
|
| 300 |
_a190 páginas ; _c22 cm |
||
| 336 |
_2rdacontent _atexto _btxt |
||
| 337 |
_2rdamedia _asin medio _bn |
||
| 338 |
_2rdacarrier _avolumen _bnc |
||
| 490 | 0 |
_aRecursos e instrumentos psico-pedagógicoss ; _v27 |
|
| 650 | 7 |
_2armarc _aEvolución |
|
| 650 | 7 |
_2armarc _aProfesores |
|
| 650 | 7 |
_2armarc _aProfesores _xEvaluación |
|
| 650 | 7 |
_2armarc _aEvaluación educativa |
|
| 700 | 1 |
_aGullickson, Arlen R., _eautor |
|
| 700 | 1 |
_aAsensi Jordán, Jon _etraductor |
|
| 765 | 0 |
_aFarland, Dale S. _tHandbook for developing a teacher perfomance evaluation manual : a metamanual |
|
| 942 |
_2ddc _cLI _h371.12 _iF5516 |
||
| 999 |
_c59913 _d59913 |
||